Every 100,000+ city in USA: Alabama - Statistics

General Stats
  • This quiz has been taken 84 times
  • The average score is 6 of 8
Answer Stats
Letter Population City % Correct
B 668,071 Birmingham
98%
M 261,105 Mobile
95%
H 402,359 Huntsville
94%
M 244,809 Montgomery
94%
T 134,038 Tuscaloosa
86%
A 115,764 Auburn
64%
H 105,165 Hoover
39%
F 109,413 Florence
33%
No matching quizzes found
Score Distribution
Percent of People with Each Score
Percentile by Number Answered
Your Score History
You have not taken this quiz